000 00230nam a22000857a 4500
999 _c11563
_d11563
008 190618b ||||| |||| 00| 0 eng d
100 _aKaul M.N etal
_97270
245 _a Practice and procedure
260 _aNew delhi
_bLoksahha
_c2016